ការរៀបចំការងារជួសជុលនិងថែទាំក្នុងរោងជាងម៉ាស៊ីនកសិកម្មជាមួយនិងការរៀបចំប្រើប្រាស់ឧបករណ៍បំពាក់ពីក្រោយត្រាក់ទ័រខេត្តព្រៃវែង (Record no. 4178)

000 -LEADER
fixed length control field 00742nam a22001577a 4500
003 - CONTROL NUMBER IDENTIFIER
control field OSt
005 - DATE AND TIME OF LATEST TRANSACTION
control field 20151207155538.0
008 - FIXED-LENGTH DATA ELEMENTS--GENERAL INFORMATION
fixed length control field 151207b xxu||||| |||| 00| 0 eng d
040 ## - CATALOGING SOURCE
Transcribing agency RUA
082 ## - DEWEY DECIMAL CLASSIFICATION NUMBER
Classification number ATM គឹម 1991 B189 Or.1
100 ## - MAIN ENTRY--PERSONAL NAME
9 (RLIN) 4481
Personal name គឹម,​ ចាន់ថា
245 ## - TITLE STATEMENT
Title ការរៀបចំការងារជួសជុលនិងថែទាំក្នុងរោងជាងម៉ាស៊ីនកសិកម្មជាមួយនិងការរៀបចំប្រើប្រាស់ឧបករណ៍បំពាក់ពីក្រោយត្រាក់ទ័រខេត្តព្រៃវែង
260 ## - PUBLICATION, DISTRIBUTION, ETC. (IMPRINT)
Place of publication, distribution, etc. Phnom Penh
Name of publisher, distributor, etc. RUA
Date of publication, distribution, etc. 1991
300 ## - PHYSICAL DESCRIPTION
Extent 50p.
Other physical details ill.
Dimensions 29cm.
942 ## - ADDED ENTRY ELEMENTS (KOHA)
Source of classification or shelving scheme
Koha item type ATM
Holdings
Price effective from Date last seen Permanent Location Not for loan Date acquired Date last checked out Source of classification or shelving scheme Total Checkouts Koha item type Barcode Lost status Damaged status Withdrawn status Current Location Full call number
2015-12-072015-12-07Library Block B 2015-12-07   ATMRUA44597   Library Block BATM គឹម 1991 B189 Or.1
2015-12-072015-12-07Library Block B 2015-12-07   ATMRUA44529   Library Block BATM គឹម 1991 B189 Or.2
2015-12-072015-12-07Library Block B 2015-12-07   ATMRUA41033   Library Block BATM គឹម 1991 B189 Or.3
2015-12-072017-02-03Library Block B 2015-12-072017-01-25 1ATMRUA43731   Library Block BATM គឹម 1991 B189 Or.4
2015-12-072015-12-07Library Block B 2015-12-07   ATMRUA40925   Library Block BATM គឹម 1991 B189 Or.4
2015-12-072015-12-07Library Block B 2015-12-07   ATMRUA44578   Library Block BATM គឹម 1991 B189 Or.5
2015-12-072015-12-07Library Block B 2015-12-07   ATMRUA44004   Library Block BATM គឹម 1991 B189 Or.6
2015-12-072023-08-14Library Block B 2015-12-072023-08-02 1ATMRUA44550   Library Block BATM គឹម 1991 B189 Or.7
មជ្ឈមណ្ឌលឯការនៃសាកលវិទ្យាល័យភូមិន្ទកសិកម្មចំការដូង

Powered by Koha